00279nam a22001097a 4500020001500000082001500015100001900030245004000049260004900089300000800138650002300146 a0830817778 a226.03 GRE aGreen, Joel B. aDictionary of Jesus and the Gospels aLeicester, EnglandbIntervarsity Pressc1992 a933 aBible-Dictionaries